Issues and Methods in Comparative Politics : An Introduction /

Aquí se presentan estrategias de investigación comparada en política, donde se explican los métodos y se aplican después a casos reales. Incluye técnicas analíticas cuantitativas y cualitativas, así como los principios de selección y comparación.

Na minha lista:
Detalhes bibliográficos
Autor principal: Landman, Todd (autor)
Formato: Livro
Idioma:inglês
Publicado em: Londres, Inglaterra : Routledge, 2003, c2003
Edição:2a edición
Assuntos:
Tags: Adicionar Tag
Sem tags, seja o primeiro a adicionar uma tag!

MARC

LEADER 00000nam^a2200000^a^4500
001 000184478
005 20250521000000.0
009 20260310102116.091
020 |a 0-415-27270-X 
037 |a Acervo ITESO - Biblioteca 
041 |a ING 
082 |a 320. 01  |b LAN 
100 |a Landman, Todd  |e (autor) 
245 1 0 |a Issues and Methods in Comparative Politics :  |b An Introduction /  |c T. Landman. 
250 |a 2a edición 
264 4 |a Londres, Inglaterra :  |b Routledge,  |c 2003, c2003 
300 |a XIX, 292 p. 
336 |a texto  |b txt  |2 rdacontenido 
337 |a sin mediación  |b n  |2 rdamedio 
338 |a volumen  |b nc  |2 rdasoporte 
520 |a Aquí se presentan estrategias de investigación comparada en política, donde se explican los métodos y se aplican después a casos reales. Incluye técnicas analíticas cuantitativas y cualitativas, así como los principios de selección y comparación. 
649 |a XX 
650 |a Metodología Cualitativa 
650 |a Metodología Cuantitativa 
650 |a Política Comparada -  |x Metodología -  |x Tema Principal 
650 |a Política Comparada -  |x Teoría 
650 |a Política -  |x Metodología 
650 |a Política 
910 |a Fondo General 
920 |a Impresos - Libros 
930 |a Colección General 
905 |a 101 
901 |a 0500125312  |b IT1  |c ACC  |u 20250521 
902 |a https://opac.biblio.iteso.mx/vufind/Record/000184478